000 01044nam a22003137a 4500
001 BR2014007807
003 BR-BrBNA
005 20230928104552.0
007 ta
008 230509b bl.||||| |||| 00| 0 por d
040 _aBR-BrBNA
_bpor
_cBiblioteca Nacional de Agricultura
041 _a(Eng)
072 _aP34
_b0336
090 _ 0336 BR2014007807
100 1 _aRibeiro, P.R. de A.
110 1 _aUniversidade Federal de Lavras, MG (Brasil)
_0Tese (Doutorado)
245 1 _aTripartite symbiosis - soybean, bradyrhizobium, arbuscular mycorrhizal fungi: effect of formononetin and diversity of bradyrhizobium in soils from different brazilian regions
260 3 _aLavras, MG (Brasil):
_c2014.
300 _a93 p.
500 _aSummaries (Eng, Por); Includes several bibliographies; 11 illus.; 8 tables
650 _aSOJA
650 _aADUBACAO
650 _aMICROBIOLOGIA
650 _aFERTILIZANTE FOSFATADO
650 _aGENETICA VEGETAL
650 _aSIMBIOSE
909 _a202309
_bLucia
_c55
_dLucia Elande
942 _cBK
999 _c80622
_d80622